000 00917cad a22002295a 4500
001 E147599
008 090528s2009 xxk f 000 0 eng d
020 _a9781853975608
035 _a(Sirsi) u147599
041 0 _aeng
050 0 4 _a627.4 $2 18
110 2 _aScottish Natural Heritage
_92794
245 0 0 _aGravel working in Scottish rivers
_h[electronic resource]
260 _aEdinburgh
_bSNH
_c2009
520 _aOffers guidance to those considering gravel extraction or management for flood alleviation, aggregate working or land drainage in Scottish rivers. Supplements guidance from SEPA, who licence gravel extraction.
521 _aIntroductory
590 _aKA
651 4 _aScotland
_y1999-
690 _aENVIRONMENTAL AND LAND CONSULTANCY-WATER RESOURCE MANAGEMENT
856 4 0 _uhttps://www.snh.org.uk/pubs/detail.asp?id=1341
_zView the guidance free of charge at www.snh.org.uk...
942 _n0
999 _c109641
_d109641